01415nam a22001217a 4500008004100000100006500041245011100106260004500217300003600262520084000298650011001138773004501248251008b ||||| |||| 00| 0 eng d aSrinivasan, Janaki Graham, Mark and Parthasarathy, Balaji  aThe developmental possibilities of gig work on digital platforms: The limits to the hope and hype in India aThe Indian Journal of Labour Economies  a68(2), Apr-Jun, 2025: p.569-587 a Institutional changes that have emphasised flexible labour markets and advances in technologies, have made digital platforms commonplace. As platforms mediate an increasing number of services, the dominant work opportunity they offer is gigs to independent contractors. Thanks to a power asymmetry between gig workers and platforms, and little regulatory control over gig work, the conditions of work are largely determined by platforms. Nevertheless, there is hope vested in the developmental possibilities of the platform economy through the gradual formalisation of gig work. This paper examines the possibilities and the tensions inherent to any formalisation by drawing on evidence from India, which has a large and rapidly growing platform economy.- Reproduced • https://link.springer.com/article/10.1007/s41027-024-00522-4  aPlatform economy, Gig work, Geographically tethered labour. Formal/informal labour, Flexibility, Fairness aThe Indian Journal of Labour Economies